000 00856nam a22003017a 4500
001 000377
003 DO-SdBPM
005 20250606072545.0
007 ta
008 160707b1999 sp |||| 00| 0 spa d
020 _a8483360160
040 _aDO-SdBPM
_bspa
_cBPMSU
_erda
082 4 _a891.73
_bD724c 1999
_222
092 _axxxxx
_bxxxxx
100 1 _aDostoievski, Fiodor
_d1821-1881.
245 1 0 _aCrimen y castigo /
_cFiodor Dostoievski
264 _aMadrid :
_bEditorial Alba,
_c1999.
300 _a347 páginas . ;
_c20 cm.
336 _atexto
_btxt
_2rdacontent
337 _asin mediación
_bn
_2rdamedia
338 _avolumen
_bnc
_2rdacarrier
650 4 _aNovela rusa
650 4 _aAsesinato
_vNovela
650 4 _aConciencia
_vNovela
650 4 _aNovela psicológica
910 _aVMateo V. Control de calidad. BPMSU
942 _2ddc
_cBK
999 _c10768
_d10768